Yine, yeni, yeniden CHP (Record no. 11799)

MARC details
000 -BAŞLIK
Sabit Uzunlukta Kontrol Alanı 00729na a2200277 4500
001 - KONTROL NUMARASI
Denetim Alanı 24464
003 - KONTROL NUMARASI IDENTIFIER
Denetim Alanı MIRAKIL
005 - SON İŞLEM TARİHİ VE ZAMANI
Denetim Alanı 20181226104234.0
008 - SABİT-BOY VERİ ELEMANLARI - GENEL BİLGİLER
Sabit Uzunlukta Kontrol Alanı 181114b tu 000 0
020 ## - ULUSLARARASI STANDART KİTAP NUMARASI
Uluslararası Standart Kitap Numarası 9758612077
035 ## - SİSTEM KONTROL NUMARASI
Sistem Kontrol Numarası 15247
041 ## - DİL KODU
Metin / Ses Parça Veya Ayrı Başlığın Dil Kodu tur
082 ## - DEWEY ONLU SINIFLANDIRMA NUMARASI
Sınıflandırma Numarası 324.2172
Ürün Numarası G98y 2002
090 ## - SINIFLAMA NUMARASI
Sınıflama Numarası 324.2172 G98y 2002
100 ## - ANA GİRİŞ - KİŞİSEL İSİM
Kişisel Ad Güvenç, Nazım
245 ## - BAŞLIK TABLOSU
Başlık Yine, yeni, yeniden CHP
Sorumluluk Tablosu, Vb Nazım Güvenç
246 ## - UNVAN FORM VARYING
Başlık Doğru / Kısa Başlığı CHP
260 ## - YAYIN, DAĞITIM, VB
Yayın, Dağıtım, Vb Yeri İstanbul
Yayıncı, Dağıtıcı, Vs Adı Anahtar Kitaplar
Yayın, Dağıtım, Vb Tarihi 2002
300 ## - FİZİKSEL TANIM
Kapsam 352 s.
Boyutlar 19 sm.
440 ## - SERİSİ TABLOSU / KATMA GİRİŞİ - BAŞLIK
Başlık Anahtar Kitaplar yayınları
490 ## - SERİSİ TABLOSU
Seri Beyanı Araştırma-İnceleme dizisi
610 ## - KONU KATMA GİRİŞ - TOPLANTI ADI
Giriş Elemanı Olarak Kurumsal Ad Veya Yargı Alanı Adı Cumhuriyet Halk Partisi (CHP)
Genel Alt Bölüm Tarih
700 ## - KATMA GİRİŞ - KİŞİSEL İSİM
Kişisel Ad
942 ## - EKLENDİ GİRİŞ ELEMANLARI (KOHA)
Sınıflandırma Veya Raf Düzeni Kaynak Dewey Decimal Classification
Koha Öğesi Türü Books
040 ## - KATALOGLAMA KAYNAK
Orijinal Kataloglama Ajansı Milas
Kataloglama Dili tur
Metne Dönüştürmek Ajansı TR-AnCHP
999 ## - SİSTEM KONTROL NUMARALARI (KOHA)
Koha Biblionumber 11799
Koha Biblioitemnumber 11799
Holdings
Kullanım Kısıtlamaları Kalıcı Konum Mevcut Konum Edinme Tarihi Toplam Check-Out'Lar Tam Çağrı Numarası Barkod Tarih Son Görülme İtibaren Geçerli Fiyatlar Sigara Kamu Notu Koha Öğesi Türü
  Parti Okulu Kütüphanesi Parti Okulu Kütüphanesi 11/14/2018   324.2172 G98y 2002 P00235 11/14/2018 11/14/2018 Ertuğrul Çepni Books